| 000 | 00791nam a2200241 a 4500 | ||
|---|---|---|---|
| 003 | OSt | ||
| 005 | 20131017181740.0 | ||
| 008 | 131017s2003 ag ||||| |||| 00| 0 spa d | ||
| 040 | _cBiblioteca Medicina | ||
| 041 | _aspa | ||
| 082 | _bCONGRESOS 036 | ||
| 100 | 1 |
_aBascolo, Ernesto _91105 |
|
| 245 | 0 | 0 | _aSeminario V: Los aportes de la economia de la salud al debate de los derechos de la salud |
| 250 | _a1ยบ ed. | ||
| 260 |
_aBuenos Aires _bCentro de Estudios de Estado y Sociedad _c2003 |
||
| 300 | _a13 p. | ||
| 440 | 0 |
_aSeminarios Salud y Politica Publica _92706 |
|
| 653 | _aSALUD Y ECONOMIA | ||
| 653 | _aSALUD-DERECHOS | ||
| 856 | _awww.cedes.org | ||
| 942 |
_2ddc _cPH |
||
| 999 |
_c1815 _d1815 |
||
| 952 |
_40 _00 _bBFM _10 _oCONGRESOS 036 _d2013-10-17 _tEj. 1 _8NFIC _70 _cCR _2ddc _yPH _aBFM |
||